LEADER 02077nam0 22004813i 450 001 VAN0230361 005 20230605120145.167 017 70$2N$a9783030385095 100 $a20211021d2020 |0itac50 ba 101 $aeng 102 $aCH 105 $a|||| ||||| 200 1 $aReviews in Frontiers of Modern Astrophysics$eFrom Space Debris to Cosmology$fPetr Kabáth, David Jones, Marek Skarka editors 210 $aCham$cSpringer$d2020 215 $axvii, 411 p.$cill.$d24 cm 500 1$3VAN0230369$aReviews in Frontiers of Modern Astrophysics : From Space Debris to Cosmology$91935705 606 $a01-XX$xHistory and biography [MSC 2020]$3VANC021469$2MF 606 $a00A79 (77-XX)$xPhysics [MSC 2020]$3VANC023182$2MF 606 $a85-XX$xAstronomy and Astrophysics [MSC 2020]$3VANC023246$2MF 606 $a85A40$xCosmology [MSC 2020]$3VANC023267$2MF 610 $aAstronomical Instrumentation$9KW:K 610 $aERASMUS+ programme$9KW:K 610 $aExoplanet observation and theory$9KW:K 610 $aGalaxies and AGNs$9KW:K 610 $aMinor bodies in solar system$9KW:K 610 $aPlanetary nebulae$9KW:K 610 $aSolar physics$9KW:K 610 $aSpace Debris$9KW:K 610 $aStellar clusters$9KW:K 610 $aStellar physics$9KW:K 620 $aCH$dCham$3VANL001889 702 1$aJones$bDavid$castrofisico$3VANV186327 702 1$aKabáth$bPetr$3VANV192269 702 1$aSkarka$bMarek$3VANV192271 712 $aSpringer $3VANV108073$4650 801 $aIT$bSOL$c20240614$gRICA 856 4 $uhttp://doi.org/10.1007/978-3-030-38509-5$zE-book ? Accesso al full-text attraverso riconoscimento IP di Ateneo, proxy e/o Shibboleth 899 $aBIBLIOTECA DEL DIPARTIMENTO DI MATEMATICA E FISICA$1IT-CE0120$2VAN08 912 $fN 912 $aVAN0230361 950 $aBIBLIOTECA DEL DIPARTIMENTO DI MATEMATICA E FISICA$d08CONS e-book 4348 $e08eMF4348 20211021 996 $aReviews in Frontiers of Modern Astrophysics$91935705 997 $aUNICAMPANIA LEADER 02708nam0 2200517 i 450 001 VAN00124849 005 20240806100817.455 017 70$2N$a9783319664569 100 $a20191025d2018 |0itac50 ba 101 $aeng 102 $aCH 105 $a|||| ||||| 200 1 $aMethods for Partial Differential Equations$eQualitative Properties of Solutions, Phase Space Analysis, Semilinear Models$fMarcelo R. Ebert, Michael Reissig 210 $aCham$cBirkhäuser$d2018 215 $axix, 479 p.$d24 cm 500 1$3VAN00236370$aMethods for Partial Differential Equations$91563658 606 $a35-XX$xPartial differential equations [MSC 2020]$3VANC019763$2MF 606 $a35Axx$xGeneral topics in partial differential equations [MSC 2020]$3VANC022828$2MF 606 $a35Bxx$xQualitative properties of solutions to partial differential equations [MSC 2020]$3VANC022349$2MF 606 $a35Exx$xPartial differential equations and systems of partial differential equations with constant coefficients [MSC 2020]$3VANC026749$2MF 606 $a35Fxx$xGeneral first-order partial differential equations and systems of first-order partial differential equations [MSC 2020]$3VANC025989$2MF 606 $a35Jxx$xElliptic equations and elliptic systems [MSC 2020]$3VANC022717$2MF 606 $a35Kxx$xParabolic equations and parabolic systems [MSC 2020]$3VANC020301$2MF 606 $a35Lxx$xHyperbolic equations and hyperbolic systems [MSC 2020]$3VANC022749$2MF 610 $aAbsorbing non-linearity$9KW:K 610 $aBlow-up behavior$9KW:K 610 $aEnergy method$9KW:K 610 $aGlobal existence of small data solutions$9KW:K 610 $aHyperbolic systems$9KW:K 610 $aPartial Differential Equations$9KW:K 610 $aPotential theory$9KW:K 610 $aRegularity results$9KW:K 610 $aSource non-linearity$9KW:K 610 $aWell-posedness of mixed problems and Cauchy problems$9KW:K 620 $aCH$dCham$3VANL001889 700 1$aEbert$bMarcelo R.$3VANV096279$0767848 701 1$aReissig$bMichael$3VANV075077$0498638 712 $aBirkhäuser $3VANV108193$4650 801 $aIT$bSOL$c20250411$gRICA 856 4 $uhttp://doi.org/10.1007/978-3-319-66456-9$zE-book ? Accesso al full-text attraverso riconoscimento IP di Ateneo, proxy e/o Shibboleth 899 $aBIBLIOTECA DEL DIPARTIMENTO DI MATEMATICA E FISICA$1IT-CE0120$2VAN08 912 $fN 912 $aVAN00124849 950 $aBIBLIOTECA DEL DIPARTIMENTO DI MATEMATICA E FISICA$d08DLOAD e-book 1248 $e08eMF1248 20191025 996 $aMethods for Partial Differential Equations$91563658 997 $aUNICAMPANIA